书目信息 |
| 题名: |
流量池
|
|
| 作者: | 杨飞 著 | |
| 分册: | ||
| 出版信息: | 北京 中信出版集团股份有限公司 2018 |
|
| 页数: | 372页 | |
| 开本: | 21cm | |
| 丛书名: | ||
| 单 册: | ||
| 中图分类: | F276.44 | |
| 科图分类: | ||
| 主题词: | 网络公司--企业管理--研究 | |
| 电子资源: | ||
| ISBN: | 978-7-5086-8676-9 | |
| 000 | 00777nam0 2200229 45 | |
| 001 | 012001000747 | |
| 005 | 20140920091302.0 | |
| 010 | @a978-7-5086-8676-9@b精装@dCNY68.00 | |
| 100 | @a20180513d2018 em y0chiy50 ea | |
| 101 | 0 | @achi |
| 102 | @aCN@b110000 | |
| 105 | @aa z 000yy | |
| 106 | @ar | |
| 200 | 1 | @a流量池@9Liu Liang Chi@f杨飞著 |
| 210 | @a北京@c中信出版集团股份有限公司@d2018 | |
| 215 | @a372页@c图@d21cm | |
| 330 | @a本书共十二章,内容包括:流量之闲、品牌是最稳定的流量池、品牌广告如何做出实效、如何玩好裂变营销、微信社会化营销的流量改造、直播营销的流量掘金、跨界营销的流量巧用等。 | |
| 606 | 0 | @a网络公司@x企业管理@x研究 |
| 690 | @aF276.44@v5 | |
| 701 | 0 | @a杨飞@9Yang Fei@4著 |
| 801 | 0 | @aCN@b上海新华@c20180901 |
| 905 | @b1042175-79@dF276.44@e1511@f5 | |
| 流量池/杨飞著.-北京:中信出版集团股份有限公司,2018 |
| 372页:图;21cm |
| ISBN 978-7-5086-8676-9(精装):CNY68.00 |
| 本书共十二章,内容包括:流量之闲、品牌是最稳定的流量池、品牌广告如何做出实效、如何玩好裂变营销、微信社会化营销的流量改造、直播营销的流量掘金、跨界营销的流量巧用等。 |
| ● |
| 相关链接 |
|
|
|
|
正题名:流量池
索取号:F276.44/1511
 
预约/预借
| 序号 | 登录号 | 条形码 | 馆藏地/架位号 | 状态 | 备注 |
| 1 | 1042175 | 210421756 | 第一样本阅览室/ [索取号:F276.44/1511] | 在馆 | |
| 2 | 1042176 | 210421765 | 第一借阅区/ [索取号:F276.44/1511] | 在馆 | |
| 3 | 1042177 | 210421774 | 密集书库-海洋学院/ [索取号:F276.44/1511] | 在馆 | |
| 4 | 1042178 | 210421783 | 第一借阅区/ [索取号:F276.44/1511] | 在馆 | |
| 5 | 1042179 | 210421792 | 第一借阅区/ [索取号:F276.44/1511] | 在馆 |